<?xml version="1.0" encoding="UTF-8"?>
<record
    xmlns:xsi="http://www.w3.org/2001/XMLSchema-instance"
    xsi:schemaLocation="http://www.loc.gov/MARC21/slim http://www.loc.gov/standards/marcxml/schema/MARC21slim.xsd"
    xmlns="http://www.loc.gov/MARC21/slim">

  <leader>05558nam a2200277Ia 4500</leader>
  <controlfield tag="001">113268</controlfield>
  <controlfield tag="003">DR-UNIBE</controlfield>
  <controlfield tag="005">20251124102146.0</controlfield>
  <controlfield tag="008">250211b2024    dr ||||| |||| 00| 0 spa d</controlfield>
  <datafield tag="020" ind1=" " ind2=" ">
    <subfield code="a">9789945189919 (volumen 2)</subfield>
  </datafield>
  <datafield tag="040" ind1=" " ind2=" ">
    <subfield code="a">BIBLIOTECA UNIBE</subfield>
    <subfield code="c">BIBLIOTECA UNIBE</subfield>
    <subfield code="b">spa</subfield>
  </datafield>
  <datafield tag="041" ind1=" " ind2=" ">
    <subfield code="a">spa</subfield>
  </datafield>
  <datafield tag="082" ind1="0" ind2=" ">
    <subfield code="a">RD 342.7293 J82d 2024</subfield>
  </datafield>
  <datafield tag="100" ind1="1" ind2=" ">
    <subfield code="a">Jorge Prats, Eduardo,</subfield>
    <subfield code="9">8540</subfield>
    <subfield code="d">1964-</subfield>
    <subfield code="e">autor</subfield>
  </datafield>
  <datafield tag="245" ind1="1" ind2="0">
    <subfield code="a">Derecho constitucional. Volumen 2 / </subfield>
    <subfield code="c">Eduardo Jorge Prats</subfield>
  </datafield>
  <datafield tag="250" ind1=" " ind2=" ">
    <subfield code="a">Tercera edici&#xF3;n</subfield>
  </datafield>
  <datafield tag="260" ind1=" " ind2=" ">
    <subfield code="a">Santo Domingo : </subfield>
    <subfield code="b">Librer&#xED;a Jur&#xED;dica Internacional, S.R.L.,</subfield>
    <subfield code="c">2024</subfield>
  </datafield>
  <datafield tag="300" ind1=" " ind2=" ">
    <subfield code="a">vol&#xFA;menes</subfield>
  </datafield>
  <datafield tag="504" ind1=" " ind2=" ">
    <subfield code="a">Incluye referencias bibliogr&#xE1;ficas (p&#xE1;ginas: 1132-1134) e &#xED;ndice</subfield>
  </datafield>
  <datafield tag="505" ind1="0" ind2=" ">
    <subfield code="a">Pr&#xF3;logo |
Abreviaturas utilizadas |
CAP&#xCD;TULO NUEVE. EL SISTEMA DE LOS DERECHOS FUNDAMENTALES |
1.	Las concepciones de los derechos |
2.	Definici&#xF3;n de los derechos fundamentales |
3.	Naturaleza de los derechos fundamentales |
4.	Los l&#xED;mites de los derechos fundamentales |
5.	Los conflictos entre derechos fundamentales |
6.	Los titulares de los derechos fundamentales |
7.	Los deudores de los derechos fundamentales |
8.	La interpretaci&#xF3;n de los derechos fundamentales |
9.	La teor&#xED;a general de los derechos sociales |
10.	Los deberes fundamentales |
11.	Las garant&#xED;as institucionales |
12.	Inteligencia artificial y derechos fundamentales |
CAP&#xCD;TULO DIEZ. EL CAT&#xC1;LOGO DE LOS DERECHOS FUNDAMENTALES |
1.	Las clasificaciones de los derechos fundamentales |
2.	Los derechos constitutivos de la personalidad |
3.	Los derechos de la comunicaci&#xF3;n f&#xED;sica, intelectual y social |
4.	Los derechos econ&#xF3;micos, sociales y culturales |
5.	Los derechos colectivos |
6.	El derecho a la igualdad |
CAP&#xCD;TULO ONCE. LAS GARANT&#xCD;AS FUNDAMENTALES I: EL DEBIDO PROCESO |
1.	El concepto de garant&#xED;as fundamentales |
2.	El debido proceso como garant&#xED;a fundamental |
3.	El derecho a la tutela judicial efectiva |
4.	El derecho a un juez competente |
5.	El derecho a un juez independiente |
6.	El derecho a un juez imparcial |
7.	El derecho a ser juzgado dentro de un plazo razonable |
8.	El derecho a ser presumido y tratado como inocente |
9.	El derecho a un juicio p&#xFA;blico |
10.	El derecho a un juicio oral |
11.	El derecho a ser o&#xED;do y a un juicio contradictorio |
12.	El derecho a la igualdad de las partes en el proceso |
13.	El derecho de defensa |
14.	El derecho a no ser juzgado dos veces por una misma causa |
15.	El derecho a no declarar contra s&#xED; mismo |
16.	El debido proceso administrativo |
17.	El debido proceso entre particulares |
CAP&#xCD;TULO DOCE. LAS GARANT&#xCD;AS FUNDAMENTALES II: EL AMPARO Y LAS DEM&#xC1;S GARANT&#xCD;AS |
1.	Las garant&#xED;as jurisdiccionales espec&#xED;ficas |
2.	Las garant&#xED;as a trav&#xE9;s de otros derechos |
3.	Las garant&#xED;as de los derechos sociales |
4.	La garant&#xED;a org&#xE1;nica |
5.	La garant&#xED;a internacional |
6.	La garant&#xED;a fundamental de la convencionalidad |
CAP&#xCD;TULO TRECE. EL PODER ELECTORAL |
1.	El poder electoral |
2.	El derecho de participaci&#xF3;n pol&#xED;tica |
3.	El proceso electoral |
4.	El pluralismo pol&#xED;tico: los partidos pol&#xED;ticos |
CAP&#xCD;TULO CATORCE. LA ORGANIZACI&#xD3;N DEL PODER |
1.	La separaci&#xF3;n de poderes |
2.	El poder legislativo |
3.	El poder ejecutivo |
4.	El poder judicial |
5.	&#xD3;rganos extrapoderes y administraciones independientes |
CAP&#xCD;TULO QUINCE. EL ORDENAMIENTO DEL TERRITORIO |
1.	Las formas de Estado |
2.	El Estado unitario descentralizado: el ordenamiento del territorio y de la administraci&#xF3;n local en la Rep&#xFA;blica Dominicana |
CAP&#xCD;TULO DIECIS&#xC9;IS. LA CONSTITUCIONALIZACI&#xD3;N DE LA SOCIEDAD |
1.	Sociedad, Estado y constituci&#xF3;n |
2.	La constituci&#xF3;n econ&#xF3;mica |
3.	La constitucionalizaci&#xF3;n del derecho |
CAP&#xCD;TULO DIECISIETE. LA DEFENSA DE LA CONSTITUCI&#xD3;N |
1.	La defensa de la constituci&#xF3;n |
2.	Los estados de excepci&#xF3;n 

</subfield>
  </datafield>
  <datafield tag="520" ind1="3" ind2=" ">
    <subfield code="a">Esta obra parte del presupuesto de que el Derecho Constitucional permite la cr&#xED;tica del Derecho desde el Derecho mismo porque la Constituci&#xF3;n, sobre todo, contiene normas que rigen la producci&#xF3;n de normas, tanto a nivel formal o procesal como a nivel sustancial o de contenido. De ah&#xED; que el libro toma la Constituci&#xF3;n en serio y no es permeado por el escepticismo de quienes invalidan la Constituci&#xF3;n a partir de pr&#xE1;cticas pol&#xED;ticas o sociales. El Derecho Constitucional debe construir puentes entre la normatividad y la facticidad que acerquen las pr&#xE1;cticas de instituciones, autoridades y ciudadanos a los preceptos constitucionales y que permitan revisar estos preceptos a la luz de estas pr&#xE1;cticas. La obra del profesor Eduardo Jorge Prats, en dos vol&#xFA;menes, permite al lector aproximarse no solo al Derecho Constitucional dominicano sino, en sentido general, a la Teor&#xED;a de la Constituci&#xF3;n y al Derecho Constitucional comparado que le sirve de sustento, pudiendo orientar as&#xED; la labor de jueces y dem&#xE1;s operadores del ordenamiento jur&#xED;dico-constitucional. En su volumen II (tercera edici&#xF3;n, 2024) se estudia el sistema general de derechos y garant&#xED;as fundamentales, la clasificaci&#xF3;n de los derechos y garant&#xED;as fundamentales, los procesos constitucionales, el poder electoral, la organizaci&#xF3;n del poder, el ordenamiento territorial del Estado, la defensa de la Constituci&#xF3;n en los estados de excepci&#xF3;n y la constitucionalizaci&#xF3;n de la sociedad y el Derecho.</subfield>
  </datafield>
  <datafield tag="650" ind1=" " ind2="7">
    <subfield code="a">Derecho constitucional</subfield>
    <subfield code="9">5528</subfield>
    <subfield code="2">lemb</subfield>
  </datafield>
  <datafield tag="651" ind1=" " ind2="7">
    <subfield code="a">Rep&#xFA;blica Dominicana</subfield>
    <subfield code="x">Derecho constitucional</subfield>
    <subfield code="9">5535</subfield>
    <subfield code="2">lemb</subfield>
  </datafield>
  <datafield tag="942" ind1=" " ind2=" ">
    <subfield code="c">BK</subfield>
    <subfield code="2">ddc</subfield>
  </datafield>
  <datafield tag="951" ind1=" " ind2=" ">
    <subfield code="a">20101116 07:27:11</subfield>
  </datafield>
  <datafield tag="999" ind1=" " ind2=" ">
    <subfield code="c">113268</subfield>
    <subfield code="d">113268</subfield>
  </datafield>
  <datafield tag="952" ind1=" " ind2=" ">
    <subfield code="0">0</subfield>
    <subfield code="1">0</subfield>
    <subfield code="2">ddc</subfield>
    <subfield code="7">0</subfield>
    <subfield code="8">RES-RD</subfield>
    <subfield code="a">Principal</subfield>
    <subfield code="d">2024-12-01</subfield>
    <subfield code="l">0</subfield>
    <subfield code="o">RD 342.7293 J82d_2024</subfield>
    <subfield code="p">250083</subfield>
    <subfield code="r">2025-02-11 10:52:08</subfield>
    <subfield code="t">Vol. 2, Ej. 1</subfield>
    <subfield code="w">2025-02-11</subfield>
    <subfield code="y">BK-RES</subfield>
  </datafield>
  <datafield tag="952" ind1=" " ind2=" ">
    <subfield code="0">0</subfield>
    <subfield code="1">0</subfield>
    <subfield code="2">ddc</subfield>
    <subfield code="7">0</subfield>
    <subfield code="8">GEN-RD</subfield>
    <subfield code="a">Principal</subfield>
    <subfield code="d">2024-12-01</subfield>
    <subfield code="l">5</subfield>
    <subfield code="m">1</subfield>
    <subfield code="o">RD 342.7293 J82d_2024</subfield>
    <subfield code="p">250084</subfield>
    <subfield code="r">2026-04-16 16:17:12</subfield>
    <subfield code="s">2026-04-06</subfield>
    <subfield code="t">Vol. 2, Ej. 2</subfield>
    <subfield code="w">2025-02-11</subfield>
    <subfield code="y">BK</subfield>
  </datafield>
  <datafield tag="952" ind1=" " ind2=" ">
    <subfield code="0">0</subfield>
    <subfield code="1">0</subfield>
    <subfield code="2">ddc</subfield>
    <subfield code="7">0</subfield>
    <subfield code="8">GEN-RD</subfield>
    <subfield code="a">Principal</subfield>
    <subfield code="d">2024-12-01</subfield>
    <subfield code="l">3</subfield>
    <subfield code="o">RD 342.7293 J82d_2024</subfield>
    <subfield code="p">250085</subfield>
    <subfield code="r">2025-05-14 10:41:16</subfield>
    <subfield code="s">2025-05-14</subfield>
    <subfield code="t">Vol. 2, Ej. 3</subfield>
    <subfield code="w">2025-02-11</subfield>
    <subfield code="y">BK</subfield>
  </datafield>
</record>
